MARC details
| 000 -CABECERA |
| campo de control de longitud fija |
00899nam a2200253 a 4500 |
| 003 - IDENTIFICADOR DEL NÚMERO DE CONTROL |
| campo de control |
MX-MxUPN |
| 005 - FECHA Y HORA DE LA ÚLTIMA TRANSACCIÓN |
| campo de control |
20220617124539.0 |
| 008 - ELEMENTOS DE LONGITUD FIJA--INFORMACIÓN GENERAL |
| campo de control de longitud fija |
220613s mx a||||r|||| 000 0 spa d |
| 020 ## - NÚMERO INTERNACIONAL NORMALIZADO PARA LIBROS |
| Número Internacional Estándar del Libro |
9706130799 |
| 040 ## - FUENTE DE LA CATALOGACIÓN |
| Centro catalogador/agencia de origen |
MX-MxUPN |
| Lengua de catalogación |
spa |
| Centro/agencia transcriptor |
MX-MxUPN |
| 041 0# - CÓDIGO DE IDIOMA |
| Código de lengua del texto/banda sonora o título independiente |
spa |
| 050 14 - SIGNATURA TOPOGRÁFICA DE LA BIBLIOTECA DEL CONGRESO |
| Número de clasificación |
LB1648 M61 |
| Número de documento/Ítem |
B35 |
| 100 1# - ASIENTO PRINCIPAL--NOMBRE PERSONAL |
| Nombre de persona |
Becerril Albarrán, Josefina Paz |
| 9 (RLIN) |
44840 |
| 100 1# - ASIENTO PRINCIPAL--NOMBRE PERSONAL |
| Nombre de persona |
Otero Ramírez, Guadalupe |
| 9 (RLIN) |
44841 |
| 100 1# - ASIENTO PRINCIPAL--NOMBRE PERSONAL |
| Nombre de persona |
Rodríguez Robles, Ignacio |
| 9 (RLIN) |
44842 |
| 245 10 - MENCIÓN DE TÍTULO |
| Título |
Introducción a la Física y a la Química : |
| Resto del título |
primer grado de secundaria |
| 260 ## - PUBLICACIÓN, DISTRIBUCIÓN, ETC. |
| Lugar de publicación, distribución, etc. |
México, D.F. : |
| Nombre del editor, distribuidor, etc. |
Oxford University Press : |
| -- |
Harla, |
| Fecha de publicación, distribución, etc. |
1999. |
| 300 ## - DESCRIPCIÓN FÍSICA |
| Extensión |
120 páginas : |
| Otras características físicas |
ilustraciones. |
| 650 #4 - ASIENTO SECUNDARIO DE MATERIA - TERMINO TEMATICO |
| Término de materia o nombre geográfico como elemento de entrada |
Física |
| Subdivisión general |
Estudio y enseñanza (Secundaria) |
| 9 (RLIN) |
8873 |
| 650 #4 - ASIENTO SECUNDARIO DE MATERIA - TERMINO TEMATICO |
| Término de materia o nombre geográfico como elemento de entrada |
Física |
| Subdivisión de forma |
Libros de texto |
| 9 (RLIN) |
44449 |
| 650 #4 - ASIENTO SECUNDARIO DE MATERIA - TERMINO TEMATICO |
| Término de materia o nombre geográfico como elemento de entrada |
Química |
| Subdivisión general |
Estudio y enseñanza (Secundaria) |
| 9 (RLIN) |
7244 |
| 650 #4 - ASIENTO SECUNDARIO DE MATERIA - TERMINO TEMATICO |
| Término de materia o nombre geográfico como elemento de entrada |
Química |
| Subdivisión de forma |
Libros de texto |
| 9 (RLIN) |
44690 |
| 942 ## - ELEMENTOS DE PUNTO DE ACCESO ADICIONAL (KOHA) |
| Fuente del sistema de clasificación o colocación |
Library of Congress Classification |
| Tipo de ítem Koha |
Libro |